From Exile to Parnassus Exilové motívy v literárnom diele Czesława Miłosza

Bibliographic Details
Main Author: Uggla, Andrzej Nils (Author)
Format: Article
Language:Slovak
English
PhysicalDescription:Res. slov.
Subjects:

MARC

LEADER 00000nab a2200000 a 4500
001 vtls000502301
003 SK-MaSNL
005 20260304083920.0
008 250425c1993 xo 0 slo
015 |a SNBRB19rr/mm-uuuuu 
035 |a CL0502439 
035 |a urn:nbn:sk:snk-ab2rmr 
035 |a (urnnbn)urn:nbn:sk:snk:ar-a02ui0 
035 |a (uuid)c9b4f013-4342-4e04-8083-849e0edac083 
040 |a SNKBUCL  |b slo  |c SNKBUCL  |e AACR2 
041 0 |a eng 
044 |a xo  |c SK 
080 |a 82(091):884"19"  |2 1981 
080 |a 884(091)"19"  |2 1981 
100 1 |a Uggla, Andrzej Nils  |4 aut  |9 1375502 
245 1 0 |a From Exile to Parnassus  |b Exilové motívy v literárnom diele Czesława Miłosza  |c Andrzej Nils Uggla 
300 |b Res. slov. 
600 1 7 |a Miłosz, Czesław,  |d 1911-2004  |2 snkbucl  |9 202022 
655 7 |a články z novín a časopisov  |2 snkbucl  |9 267496 
655 7 |a články z odboru literárna veda a krásna literatúra  |2 snkbucl  |9 770045 
773 0 |t Slovak review  |g Roč. 2, č. 1 (1993), s. 43-51 
850 |a Slovenská národná knižnica 
852 |a Slovenská národná knižnica 
958 |a article27 
958 |a RK 
958 |a LX 
958 |a PL 
958 |a OND 
958 |a EUIPO 
992 |a RBX 
999 |c 2801639  |d 2803569